Central Library OPAC University of Rajshahi

The crescent in the land of the rising sun / (Record no. 32395)

MARC details
000 -LEADER
fixed length control field 00678nam a2200229 a 4500
001 - CONTROL NUMBER
control field 32395
003 - CONTROL NUMBER IDENTIFIER
rucl marc code BD-RjUL
005 - DATE AND TIME OF LATEST TRANSACTION
control field 20211209051829.0
008 - FIXED-LENGTH DATA ELEMENTS--GENERAL INFORMATION
fixed length control field 500101s1941 enk 000 0 eng d
035 ## - SYSTEM CONTROL NUMBER
System control number (BD-RjUL)32484
040 ## - CATALOGING SOURCE
Original cataloging agency DLC
Transcribing agency FDA
Modifying agency OCL
Language of cataloging eng
Description conventions BD-RjUL
041 ## - LANGUAGE CODE
Language code of text/sound track or separate title eng
082 ## - DEWEY DECIMAL CLASSIFICATION NUMBER
Edition number 23
Classification number 297.0952
Author mark and year AZC 1941
100 1# - MAIN ENTRY--PERSONAL NAME
Personal name Aziz, Mian Abdul,
9 (RLIN) 223773
245 14 - TITLE STATEMENT
Title The crescent in the land of the rising sun /
Statement of responsibility, etc. by M. Abdul Aziz
260 ## - PUBLICATION, DISTRIBUTION, ETC. (IMPRINT)
Place of publication, distribution, etc. London :
Name of publisher, distributor, etc. Blades, East & Blades,
Date of publication, distribution, etc. 1941
300 ## - PHYSICAL DESCRIPTION
Pagination 156 p. :
Illustrations ill. ;
Size 22 cm
650 #0 - SUBJECT ADDED ENTRY--TOPICAL TERM
Topical term or geographic name as entry element Islam
9 (RLIN) 223774
Topical term or geographic name as entry element Muslims
Geographic subdivision Japan.
9 (RLIN) 223775
651 #0 - SUBJECT ADDED ENTRY--GEOGRAPHIC NAME
Geographic name Japan
General subdivision Civilization
9 (RLIN) 223776
942 ## - ADDED ENTRY ELEMENTS (KOHA)
Source of classification or shelving scheme Dewey Decimal Classification
Koha item type Rare Books
Holdings
Lost status Source of classification or shelving scheme Damaged status Not for loan Collection code Permanent Location Current Location Shelving location Date acquired Source of acquisition Cost, normal purchase price Total Checkouts Full call number Date last seen Copy number Koha item type
  Dewey Decimal Classification   Not For Loan Rare Books Central Library, University of Rajshahi Central Library, University of Rajshahi Rare Book Section 14/11/1966 Dacca, Qureshi, 19.20   RA 297.0952 AZC 1941 14/10/2018 C-1 Rare Books